Normal view
MARC view
Entry Personal Name
001 - CONTROL NUMBER
- control field: 54915
003 - CONTROL NUMBER IDENTIFIER
- control field: dpl
005 - DATE AND TIME OF LATEST TRANSACTION
- control field: 20130121104059.0
008 - FIXED-LENGTH DATA ELEMENTS
- fixed length control field: 130121|||a|||||| | ||| d
040 ## - CATALOGING SOURCE
- Original cataloging agency: dpl
- Transcribing agency: dpl
100 ## - HEADING--PERSONAL NAME
- Personal name: सुरेन्द्र कृष्णा
670 ## - SOURCE DATA FOUND
- Source citation: Work cat.: (dpl): सुरेन्द्र कृष्णा, मेरी प्रिय लघुकथाएँ /, 2012
670 ## - SOURCE DATA FOUND
- Source citation: Work cat.: (dpl): सुरेन्द्र कृष्णा, मेरी प्रिय लघुकथाएँ /, 2012
